000
00199nam a2200073Ia 4500
008
170817s9999 xx 000 0 und d
100
_a
Tiwari.Saket.Raman
245
0
_a
Teaching Methods Of Physical Education
260
_b
A. P. H. PUB.
999
_c
38754
_d
38754